000 00231nam a2200097Ia 4500
001 908892
005 20250826185103.0
008 250824s9999 xx 000 0 und d
245 0 _aTİMUR
_cM.SAMİH FETHİ
260 _bPANAMA YAYINLARI
999 _c908892
_d908892